Elephants swim / (Record no. 8040)

MARC details
000 -LEADER
fixed length control field 01311nam a22003017a 4500
001 - CONTROL NUMBER
control field 8040
003 - CONTROL NUMBER IDENTIFIER
control field FISKH
005 - DATE AND TIME OF LATEST TRANSACTION
control field 20250819130443.0
008 - FIXED-LENGTH DATA ELEMENTS--GENERAL INFORMATION
fixed length control field 250819b cb ||||| |||| 00| 0 eng d
020 ## - INTERNATIONAL STANDARD BOOK NUMBER
International Standard Book Number 9780395934890
040 ## - CATALOGING SOURCE
Original cataloging agency FISKH
Language of cataloging eng
Transcribing agency FISKH
Modifying agency FISKH
050 ## - LIBRARY OF CONGRESS CALL NUMBER
Classification number QP310.S95 R55
082 ## - DEWEY DECIMAL CLASSIFICATION NUMBER
Classification number 591.1
100 ## - MAIN ENTRY--PERSONAL NAME
Personal name Riley, Capus Linda
245 ## - TITLE STATEMENT
Title Elephants swim /
Statement of responsibility, etc. By Linda Capus Riley ; Illustrated by Steve Jenkins
250 ## - EDITION STATEMENT
Edition statement This edition first published in 1995
260 ## - PUBLICATION, DISTRIBUTION, ETC.
Place of publication, distribution, etc. New York :
Name of publisher, distributor, etc. Houghton,
Date of publication, distribution, etc. 1995
300 ## - PHYSICAL DESCRIPTION
Extent 34 unnumbered pages :
Other physical details color illustrations ;
Dimensions 22 x 25 cm
505 ## - FORMATTED CONTENTS NOTE
Formatted contents note J<br/>
520 ## - SUMMARY, ETC.
Summary, etc. Elephants swim gracefully underwater and use their trunks like snorkels. Hippos sink to the bottom and go to sleep. Walruses sing as they swim along, and so do whales. Linda Capus Riley has written a lovely - and informative - poem about the ways that sixteen animals behave in water and added notes for those readers who would like to know more about the animals. Steve Jenkins's beautiful and playful cut-paper illustrations capture the diversity of the swimmers.<br/>
521 8# - TARGET AUDIENCE NOTE
Target audience note 450<br/>
Source Lexile<br/>
521 8# - TARGET AUDIENCE NOTE
Target audience note J<br/>
Source Raz-Plus<br/>
650 ## - SUBJECT ADDED ENTRY--TOPICAL TERM
Source of heading or term Animals
Topical term or geographic name entry element Hippos
650 ## - SUBJECT ADDED ENTRY--TOPICAL TERM
Source of heading or term Collage
Topical term or geographic name entry element Swimming
700 ## - ADDED ENTRY--PERSONAL NAME
Personal name Jenkins, Steve
Dates associated with a name illustrator
942 ## - ADDED ENTRY ELEMENTS (KOHA)
Source of classification or shelving scheme Dewey Decimal Classification
Koha item type Books
Suppress in OPAC No
Holdings
Withdrawn status Lost status Source of classification or shelving scheme Damaged status Not for loan Collection Home library Current library Shelving location Date acquired Total Checkouts Full call number Barcode Date last seen Copy number Price effective from Koha item type
    Dewey Decimal Classification     Juvenile Fiction Footprints International School Library Network Toul Tom Poung Campus Footprints International School Library Network Toul Tom Poung Campus TTP Primary Dark Blue Bookshelves 08/19/2025   RIL 591.1 QP310.S95 R55 FISTK02491 08/19/2025 1 08/19/2025 Books